<?xml version="1.0" encoding="UTF-8"?>
<marc:record xmlns:marc="http://www.loc.gov/MARC21/slim">
   <marc:leader>00000nam a2200000 a 4500</marc:leader>
   <marc:datafield ind1="1" ind2=" " tag="100">
      <marc:subfield code="a">Perottus, Nicolaus</marc:subfield>
      <marc:subfield code="4">aut</marc:subfield>
      <marc:subfield code="e">Verfasser/-in</marc:subfield>
   </marc:datafield>
   <marc:datafield ind1="1" ind2=" " tag="100">
      <marc:subfield code="a">Brugnoli, Benedetto</marc:subfield>
   </marc:datafield>
   <marc:datafield ind1=" " ind2=" " tag="653">
      <marc:subfield code="a">p||Martialis</marc:subfield>
   </marc:datafield>
   <marc:datafield ind1=" " ind2=" " tag="653">
      <marc:subfield code="a">Marcus Valerius</marc:subfield>
   </marc:datafield>
   <marc:datafield ind1=" " ind2=" " tag="653">
      <marc:subfield code="a">f||Kommentar</marc:subfield>
   </marc:datafield>
   <marc:datafield ind1=" " ind2=" " tag="653">
      <marc:subfield code="a">f||Zitatensammlung</marc:subfield>
   </marc:datafield>
   <marc:datafield ind1=" " ind2=" " tag="653">
      <marc:subfield code="a">s||Epigramm</marc:subfield>
   </marc:datafield>
   <marc:datafield ind1="0" ind2="0" tag="245">
      <marc:subfield code="a">Cornucopie nup[er] Emendatum</marc:subfield>
   </marc:datafield>
   <marc:datafield ind1="0" ind2="0" tag="245">
      <marc:subfield code="b">Insuper supra vocabulor[um] triamilia ab lijs omissorum excerptimus quorum tibi indiciu[m] facient singula puncta singulis dictionibus per nos excerptis preposita. Ceterum si utilitatem incredibilem cognoscere volueris epistolam nostram lege</marc:subfield>
   </marc:datafield>
   <marc:datafield ind1="0" ind2="0" tag="245">
      <marc:subfield code="c">a domino Benedicto Brugnolo, ac mirifice co[n]cinnatum cu[m] tabula prioribus aliis copiosiosi utiliosi facilioriq[ue]</marc:subfield>
   </marc:datafield>
   <marc:datafield ind1=" " ind2="1" tag="264">
      <marc:subfield code="a">Mediolani</marc:subfield>
      <marc:subfield code="b">Da Legnano, Giovanni ; Scinzenzeler, Giovanni Angelo</marc:subfield>
      <marc:subfield code="c">1502</marc:subfield>
   </marc:datafield>
   <marc:datafield ind1="1" ind2=" " tag="520">
      <marc:subfield code="a">Kolophon: Impressum Mediolani per magistrum Ioha[n]nem || Angelum Scinzenzeler. Ad impensas Magistri Io- || hannis de Lignano. Anno d[omi]ni. 1502. die. 18. Maii.</marc:subfield>
   </marc:datafield>
   <marc:datafield ind1=" " ind2=" " tag="500">
      <marc:subfield code="a">Bibliogr. Nachweis: EDIT 16 CNCE 54466</marc:subfield>
   </marc:datafield>
   <marc:datafield ind1=" " ind2=" " tag="300">
      <marc:subfield code="a">[48] Bl., 1268 Sp., [1] Bl. : Ill. (Holzschn.); 32,3 x 23,6 cm</marc:subfield>
   </marc:datafield>
</marc:record>
